00713nam a22002057a 450000500170000001000150001702000260003203500140005803700130007208200100008510000220009524500890011726000240020627000440023030000200027470000320029494200240032699900190035095201380036920241213153146.0 aENG-143053 c200.00a9789356685055 aEN-126585 bDBAD/PUB a006.3 aSelvaraj,A975169 aHands On Data Analysis And Visualization With Python For Beginners/c By A, Selvaraj bBluerose Publishers k8882898898minfo@bluerosepublishers.com a86p.c21cm(bpk) aN,Muniappan , (Etal)975166 2ddccENh006.3mSEL c207700d207700 001040708NFICaLbLd2024-12-13eDBADg200.00l1o006.3 SELpEN-126585r2025-02-13 00:00:00s2025-02-08t1v200.00w2024-12-13yEN